00593nam a22001817a 4500003000400000005001700004008004100021020002200062040002900084050002300113100002800136245005000164260002800214300001200242942001500254952012500269999001700394OSt20250415142839.0250415b |||||||| |||| 00| 0 eng d a978-0-415-74667-0 cchuka university library aGB661.2b.L58 2014 aHastrup, Kirsten918644 aliving with environmental changebwaterworlds alondonbRoutledgec2014 axv,301p 2lcccBKn0 00102lcc40708LGLaEMBbEMBcGENd2025-04-15l0oGB661.2.L58 2014p15091/2018r2025-04-15 14:30:14t2w2025-04-15yBK c18778d18778